00902cam a2200217 a 450000100100000000500170001000800410002704000240006808200180009210000290011024501600013926000500029930000280034965000350037765000420041270000480045491000340050204900090053695201220054599900170066700001261620250606093706.0810311s1967 mx a 001 0 spa  aDO-SdBNPcCarPdDLC a371.26bH663a1 aHinojosa, Armando92934210aAnálisis psicológico del estudiante universitario :buna técnica para el estudio dinámico del carácter /cArmando Hinojosa, Adriana Casio Pascal. aMéxico, :bPrensa Médica Mexicana,c1967. a412 p. :bil. ;c22 cm. 0aEvaluación educativa 917494 4aMediciones y pruebas educativas922231 aCosio Pascal, Adrianaejoint author.929343 aCatalogación por copia / LC aBNGR 001052708MOaGRbGRcCTd2009-11-13iLF1l0o371.26 H663ap12616-10r2020-06-25w2020-06-25y2ZPréstamo interno c12271d12271